<?xml version="1.0" encoding="UTF-8"?><?xml-stylesheet type="text/xsl" href="static/style.xsl"?><OAI-PMH xmlns="http://www.openarchives.org/OAI/2.0/" xmlns:xsi="http://www.w3.org/2001/XMLSchema-instance" xsi:schemaLocation="http://www.openarchives.org/OAI/2.0/ http://www.openarchives.org/OAI/2.0/OAI-PMH.xsd"><responseDate>2026-04-17T18:52:09Z</responseDate><request verb="GetRecord" identifier="oai:www.recercat.cat:2072/244269" metadataPrefix="marc">https://recercat.cat/oai/request</request><GetRecord><record><header><identifier>oai:recercat.cat:2072/244269</identifier><datestamp>2024-12-13T09:43:58Z</datestamp><setSpec>com_2072_96871</setSpec><setSpec>com_2072_96852</setSpec><setSpec>com_2072_2015</setSpec><setSpec>col_2072_228899</setSpec></header><metadata><record xmlns="http://www.loc.gov/MARC21/slim" xmlns:dcterms="http://purl.org/dc/terms/" xmlns:xsi="http://www.w3.org/2001/XMLSchema-instance" xmlns:doc="http://www.lyncode.com/xoai" xsi:schemaLocation="http://www.loc.gov/MARC21/slim http://www.loc.gov/standards/marcxml/schema/MARC21slim.xsd">
   <leader>00925njm 22002777a 4500</leader>
   <datafield ind2=" " ind1=" " tag="042">
      <subfield code="a">dc</subfield>
   </datafield>
   <datafield ind2=" " ind1=" " tag="720">
      <subfield code="a">Garcia Alsina, Montserrat</subfield>
      <subfield code="e">author</subfield>
   </datafield>
   <datafield ind2=" " ind1=" " tag="720">
      <subfield code="a">Ortoll Espinet, Eva</subfield>
      <subfield code="e">author</subfield>
   </datafield>
   <datafield ind2=" " ind1=" " tag="520">
      <subfield code="a">Este artículo tiene como objetivo presentar un estado de la cuestión del principal corpus teórico de la inteligencia competitiva (IC). La literatura actual está compuesta por trabajos realizados por profesionales y por académicos. Este hecho y su origen multidisciplinar están originando cierta dispersión de temas vinculados a los procesos de IC y a su organización, que requieren de cierta unificación. Se exponen las temáticas detectadas: terminología, organización de la función, descripción de los procesos, evaluación,modelos existentes, y factores facilitadores e inhibidores de las prácticas de IC. Por último, se señala la necesidad de seguir con trabajos empíricos que validen el constructo existente, y de profundizar en dos líneas de investigación: la integración de los marcos teóricos existentes y la identificación de los factores facilitadores e inhibidores de las prácticas.</subfield>
   </datafield>
   <datafield ind2=" " ind1=" " tag="520">
      <subfield code="a">This article aims to present a state of the main theoretical corpus of competitive Source Intelligence (CI).</subfield>
   </datafield>
   <datafield ind2=" " ind1=" " tag="520">
      <subfield code="a">Aquest article té com a objectiu presentar un estat de la qüestió del principal corpus teòric de la intel·ligència competitiva (IC). La literatura actual està composta per treballs realitzats per professionals i per acadèmics. Aquest fet i el seu origen multidisciplinari estan originant certa dispersió de temes vinculats als processos d'IC i la seva organització, que requereixen de certa unificació. S'exposen les temàtiques detectades: terminologia, organització de la funció, descripció dels processos, avaluació, models existents, i factors facilitadors i inhibidors de les pràctiques d'IC. Finalment, s'assenyala la necessitat de continuar amb treballs empírics que validin el constructe existent, i d'aprofundir en dues línies d'investigació: la integració dels marcs teòrics existents i la identificació dels factors facilitadors i inhibidors de les pràctiques.</subfield>
   </datafield>
   <datafield ind1="8" ind2=" " tag="024">
      <subfield code="a">1888-0967</subfield>
   </datafield>
   <datafield ind1="8" ind2=" " tag="024">
      <subfield code="a">Garcia, M.;Ortoll, E..(2012). "Inteligencia competitiva: corpus teórico y prácticas.". IBERSID. ISSN:1888-0967. 79-90.</subfield>
   </datafield>
   <datafield ind1="8" ind2=" " tag="024">
      <subfield code="a">http://hdl.handle.net/10609/39723</subfield>
   </datafield>
   <datafield tag="653" ind2=" " ind1=" ">
      <subfield code="a">intel·ligència competitiva</subfield>
   </datafield>
   <datafield tag="653" ind2=" " ind1=" ">
      <subfield code="a">observació de l'entorn</subfield>
   </datafield>
   <datafield tag="653" ind2=" " ind1=" ">
      <subfield code="a">gestió estratègica de la informació</subfield>
   </datafield>
   <datafield tag="653" ind2=" " ind1=" ">
      <subfield code="a">observación del entorno</subfield>
   </datafield>
   <datafield tag="653" ind2=" " ind1=" ">
      <subfield code="a">inteligencia competitiva</subfield>
   </datafield>
   <datafield tag="653" ind2=" " ind1=" ">
      <subfield code="a">observación del entorno</subfield>
   </datafield>
   <datafield tag="653" ind2=" " ind1=" ">
      <subfield code="a">gestión estratégica de la información</subfield>
   </datafield>
   <datafield tag="653" ind2=" " ind1=" ">
      <subfield code="a">competitive intelligence</subfield>
   </datafield>
   <datafield tag="653" ind2=" " ind1=" ">
      <subfield code="a">observation of the environment</subfield>
   </datafield>
   <datafield tag="653" ind2=" " ind1=" ">
      <subfield code="a">Strategic information management</subfield>
   </datafield>
   <datafield tag="653" ind2=" " ind1=" ">
      <subfield code="a">Observation (Scientific method)</subfield>
   </datafield>
   <datafield tag="653" ind2=" " ind1=" ">
      <subfield code="a">Observació (Mètode científic)</subfield>
   </datafield>
   <datafield tag="653" ind2=" " ind1=" ">
      <subfield code="a">Método de observación</subfield>
   </datafield>
   <datafield ind2="0" ind1="0" tag="245">
      <subfield code="a">Inteligencia competitiva: corpus teórico y prácticas.</subfield>
   </datafield>
</record></metadata></record></GetRecord></OAI-PMH>